Kooperatívne správanie dvoch hráčov pri investovaní do akcií

Spôsob rozhodovania pri kooperatívnej hre dvoch hráčov na oligopolistickom trhu, kedy hráči budú maximalizovať svoj spoločný zisk z akcií.

Saved in:
Bibliographic Details
Main Author: Pekár, Juraj, 1972-
Other Authors: Kupka, Dávid
Format: Book Chapter
Language:Slovak
Subjects:
Tags: Add Tag
No Tags, Be the first to tag this record!

MARC

LEADER 00000nla a2200000 4500
001 0241969
005 20240502073934.9
041 0 |a slo 
044 |a SK 
245 1 0 |a Kooperatívne správanie dvoch hráčov pri investovaní do akcií  |c Juraj Pekár, Dávid Kupka 
520 |a Spôsob rozhodovania pri kooperatívnej hre dvoch hráčov na oligopolistickom trhu, kedy hráči budú maximalizovať svoj spoločný zisk z akcií. 
610 2 0 |a teória hier 
610 2 0 |a modely 
610 2 0 |a investovanie 
610 2 0 |a akcie 
100 1 |a Pekár, Juraj, 1972- 
700 1 |a Kupka, Dávid